000 00557cam a22001934a 4500
005 20250605164311.0
008 250528s ||||||||||||||||||||||||d
035 _a22490
020 _a9789600314649
040 _aGR-AtMCL
_bgre
_dGR-AtMCL
_eAACR2
245 1 _aΤΙ ΓΝΩΡΙΖΟΥΜΕ ΓΙΑ ΤΟΝ ΕΓΚΕΦΑΛΟ
250 _a1
260 _bΕλληνικη Εταιρεια Για Τις Νευροεπιστημες,
_c1993
300 _a70
710 2 _aSociety For Neuroscience
_99810
942 _cBK
999 _c7542
_d7542